| 000 | 00795nam a2200205Ia 4500 | ||
|---|---|---|---|
| 008 | 090124s9999 xx 000 0 und d | ||
| 020 | _a81-237-0445-3 | ||
| 082 | _b43199 | ||
| 100 | _aबसु सचिंद्रनाथ | ||
| 245 | _aJAGDISHCHANDRA BOSE जगदीशचंद्र बोस | ||
| 250 | _a3 | ||
| 260 |
_b"नॅशनल बुक ट्रस्ट, इंडिया, दिल्ली." _c2004 |
||
| 300 | _a62 | ||
| 600 | _aबसु सचिंद्रनाथ | ||
| 630 | _aJAGDISHCHANDRA BOSE जगदीशचंद्र बोस | ||
| 700 | _aबसु सचिंद्रनाथ | ||
| 700 | _aपाटील चंद्रकान्त | ||
| 730 | _aJAGDISHCHANDRA BOSE जगदीशचंद्र बोस | ||
| 942 | _cBOOK | ||
| 999 |
_c109429 _d109429 |
||